Statistiques concernant Les villes françaises se terminant par "on"

Cliquez ici pour prendre le quiz!

Statistiques générales

  • Ce quiz a été pris 104 fois
  • Le résultat moyen est 14 sur 36

Statistiques - réponses

Indice Ville % Correct
71 ... sur SaôneChalon
84%
69Lyon
80%
13 ... de ProvenceSalon
77%
83Toulon
74%
84Avignon
69%
71Mâcon
67%
25Besançon
64%
21Dijon
63%
74 ... les BainsThonon
62%
61Alençon
58%
06Menton
58%
02Laon
57%
05Briançon
52%
64 ... Sainte MarieOloron
44%
18Vierzon
42%
33Arcachon
41%
94 ... le PontCharenton
40%
03Montluçon
35%
84Cavaillon
32%
22Lannion
32%
35Redon
29%
92Meudon
27%
69Bron
27%
63 ... d'AuvergneCournon
26%
37Chinon
22%
27Vernon
22%
85Luçon
20%
60Noyon
18%
92Châtillon
14%
13Tarascon
12%
33Cenon
11%
44Coueron
10%
62Avion
10%
38Voiron
10%
77Avon
9%
91Montgeron
8%

Distribution des résultats

Percentile by Number Answered

% des personnes avec chaque résultat

Votre développement - résultats

Vous n’avez pas pris ce quiz